000 nam a22 a 4500
999 _c417937
_d417937
003 BLK
005 20220325134013.0
008 180408b bul|||||r ||||||| ||bul||
020 _a9786190107040
040 _aBLK
041 _aBUL
_cBUL
080 _aОбща теория на държавата. Теория (философия) на властта. Вж и 323.2 ; 342.1 ; 343.2
_b321.01
_z321.01
080 _aЛична свобода. Неприкосновеност на личността
_b342.721
_z342.721
080 _aИстория на Европа
_b94(4)
_z 94(4)
100 1 _aВълканов, Десислав Йорданов
_eпърви автор
_9305743
139 _aВълканов, Десислав Йорданов
_bВ 93
245 1 0 _aЕвропа : истории за империи
_cДесислав Вълканов.
257 _aBGR
260 _aСофия
_bИзток-Запад
_c2020
300 _a136 с.
_c22 см
380 _a3
500 _aБиогр. данни за авт. - Азб. показалец
504 _a Библиогр.: с. 128-132
650 0 _aВласт - философски проблеми
_9255435
653 7 _aсвобода на личността
_9196279
653 7 _aистория
_9187889
852 _aЦб 307406
_bЦб
852 _bП
_c32/В 93 Д
942 _cKNG
_n0
_s1
_01
944 _aCR
_c2021-06-04
_kГеновева_Генчева
944 _aED
_c2021-11-04
_kГГГ